Exposición del método elemental de Henrique Pestalozzi (Record no. 48216)

MARC details
000 -LEADER
campo de control de longitud fija 00743nam a22002055i 4500
001 - NÚMERO DE CONTROL
campo de control 48216
003 - IDENTIFICADOR DE NÚMERO DE CONTROL
campo de control ES-MaACL
005 - FECHA Y HORA DE LA ÚLTIMA TRANSACCIÓN
campo de control 20230906161720.0
007 - CAMPO FIJO DE DESCRIPCIÓN FÍSICA--INFORMACIÓN GENERAL
campo de control de longitud fija t|
008 - DATOS DE LONGITUD FIJA--INFORMACIÓN GENERAL
campo de control de longitud fija 950710s1807 sp ||||1| spa d
040 ## - FUENTE DE CATALOGACIÓN
Centro catalogador/agencia de origen CAM
Lengua de catalogación spa
Centro/agencia transcriptor CAM
100 1# - ENTRADA PRINCIPAL--NOMBRE DE PERSONA
Nombre de persona Chavannes, Daniel Alexandre.
9 (RLIN) 38241
245 10 - MENCIÓN DEL TÍTULO
Título Exposición del método elemental de Henrique Pestalozzi
Resto del título : con una noticia de las obras de este célebre hombre /
Mención de responsabilidad, etc. por Dan. Alex. Chavannes; traducida al castellano por D. Eugenio de Luque.
260 ## - PUBLICACIÓN, DISTRIBUCIÓN, ETC.
Lugar de publicación, distribución, etc. Madrid :
Nombre del editor, distribuidor, etc. Gómez Fuentenebro,
Fecha de publicación, distribución, etc. 1807.
300 ## - DESCRIPCIÓN FÍSICA
Extensión 366 p. ;
Dimensiones 15 cm.
600 14 - PUNTO DE ACCESO ADICIONAL DE MATERIA--NOMBRE DE PERSONA
Nombre de persona Pestalozzi, Johann Heinrich.
9 (RLIN) 91453
650 #4 - PUNTO DE ACCESO ADICIONAL DE MATERIA--TÉRMINO DE MATERIA
Término de materia o nombre geográfico como elemento de entrada Método Pestalozzi.
9 (RLIN) 154052
700 1# - ENTRADA AGREGADA--NOMBRE PERSONAL
Nombre de persona Luque, Eugenio de.
9 (RLIN) 74812
852 ## - LOCALIZACIÓN
Ubicación ES-MaACL
Número de control de estantería D-500
Holdings
Estatus retirado Estado de pérdida Estado de daño No para préstamo Colección Biblioteca de origen Biblioteca actual Ubicación en estantería Fecha de adquisición Fuente de adquisición Total de préstamos Signatura topográfica completa Código de barras Visto por última vez Precio de reemplazo Tipo de ítem Koha
        Libros del s. XIX Biblioteca del Ateneo de Madrid Biblioteca del Ateneo de Madrid Sala Valle Inclán 17/01/2008     D-500 901050743 23/02/2023 23/02/2023 Libro impreso antiguo